000 00394nam a2200181Ia 4500
001 15342
005 20260306170149.0
008 260306t2015||||xx |||||||||||||| ||und||
041 _aESP
082 _a532
_bP668
100 _aPotter, Merle C.
_eAUT
245 0 _aMecánica de fluídos
260 _c2015
300 _a
_c
650 _aGEN
654 _aCCN
942 _cLIB
_dJUS
_fJUS
_2ddc
_n
999 _c15342
_d15342